书目信息 |
| 题名: |
廉之恒道
|
|
| 作者: | 唐贤秋 著 | |
| 分册: | ||
| 出版信息: | 北京 中国社会科学出版社 2014 |
|
| 页数: | 11,310页 | |
| 开本: | 24cm | |
| 丛书名: | ||
| 单 册: | ||
| 中图分类: | D630.9 | |
| 科图分类: | ||
| 主题词: | 廉政建设--研究--中国 , 廉政建设 | |
| 电子资源: | ||
| ISBN: | 978-7-5161-3212-8 | |
| 000 | 01455nam0 2200277 450 | |
| 001 | 523 | |
| 005 | 20140905100613.84 | |
| 010 | @a978-7-5161-3212-8@dCNY56.00 | |
| 100 | @a20140227d2014 kemy0chiy50 ea | |
| 101 | 0 | @achi |
| 102 | @aCN@b110000 | |
| 105 | @ay v 000yy | |
| 106 | @ar | |
| 200 | 1 | @a廉之恒道@ALian Zhi Heng Dao@e中国传统廉政文化现代转换研究@EZhong Guo Chuan Tong Lian Zheng Wen Hua Xian Dai Zhuan Huan Yan Jiu@dA study of the modern transformation of the traditional culture for clean and honest administration in China@f唐贤秋著@FTang Xian Qiu Zhu@zeng |
| 210 | @a北京@c中国社会科学出版社@d2014 | |
| 215 | @a11,310页@d24cm | |
| 300 | @a国家社科基金后期资助项目 | |
| 330 | @a本书以马克思主义唯物史观为方法论钥匙,从政治学、伦理学、法学及社会学等多学科交叉的视角,去开启中国传统廉政文化现代转换之门,其中不仅对中国传统廉政文化进行了全方位的历史考察,而且对中国传统廉政文化现代转换的动力、路径、具体实现等进行了系统的分析,最后对建设中国特色社会主义廉政文化的价值观提出了一些思考。 | |
| 510 | 1 | @aStudy of the modern transformation of the traditional culture for clean and honest administration in China@zeng |
| 517 | 1 | @a中国传统廉政文化现代转换研究@AZhong Guo Chuan Tong Lian Zheng Wen Hua Xian Dai Zhuan Huan Yan Jiu |
| 606 | 0 | @a廉政建设@x研究@y中国 |
| 606 | 0 | @a廉政建设 |
| 690 | @aD630.9@v5 | |
| 701 | 0 | @a唐贤秋@ATang Xian Qiu@f(1965.7~)@4著 |
| 801 | 0 | @aCN@bTANGWEI@c20140603 |
| 905 | @b0840079-81@dD630.9@e199@f3 | |
| 廉之恒道:中国传统廉政文化现代转换研究=A study of the modern transformation of the traditional culture for clean and honest administration in China/唐贤秋著.-北京:中国社会科学出版社,2014 |
| 11,310页;24cm |
| 国家社科基金后期资助项目 |
| ISBN 978-7-5161-3212-8:CNY56.00 |
| 本书以马克思主义唯物史观为方法论钥匙,从政治学、伦理学、法学及社会学等多学科交叉的视角,去开启中国传统廉政文化现代转换之门,其中不仅对中国传统廉政文化进行了全方位的历史考察,而且对中国传统廉政文化现代转换的动力、路径、具体实现等进行了系统的分析,最后对建设中国特色社会主义廉政文化的价值观提出了一些思考。 |
| ● |
| 相关链接 |
|
|
|
|
正题名:廉之恒道
索取号:D630.9/199
 
预约/预借
| 序号 | 登录号 | 条形码 | 馆藏地/架位号 | 状态 | 备注 |
| 1 | 0840079 | 208400791 | 第一样本阅览室/ [索取号:D630.9/199] | 在馆 | |
| 2 | 0840080 | 208400808 | 密集书库-史法系/ [索取号:D630.9/199] | 在馆 | |
| 3 | 0840081 | 208400817 | 第一借阅区/ [索取号:D630.9/199] | 在馆 |